000 00513nam a2200217Ia 4500
008 170918s9999 xx 000 0 und d
020 _a27506905029
050 _bD612 2005
100 _aDisney, Walt
245 _aSnow white and the seven dwarf /
245 _cWalt Disney.
260 _aNew York :
260 _bAdvance Publisher,
260 _c2005
300 _aunpaged :
300 _bcolored illustration ;
300 _c15cm.
440 _aDisney princess ;
440 _v2
500 _a590
999 _c341662
_d341662